| 000 | 01972cam a22005054i 4500 | ||
|---|---|---|---|
| 003 | PE-LiUPU | ||
| 005 | 20250731184531.0 | ||
| 008 | 150623s r 000 0 d | ||
| 020 | _a0500280363 | ||
| 035 | _a(Sirsi) i9780500280362 | ||
| 040 |
_aPE-LiUPU _bspa _cPE-LiUPU _erda |
||
| 049 | _aPRUA | ||
| 082 | 0 | 4 |
_a932.01 _bA36 _221 |
| 100 | 1 |
_aAldred, Cyril, _eautor. |
|
| 245 | 1 | 4 |
_aThe Egyptians / _cCyril Aldred. |
| 264 | 1 |
_aSingapore : _bThames and Hudson, _c1998. |
|
| 300 |
_a224 páginas : _bilustraciones, fotos ; _c24 centímetros |
||
| 336 |
_atext _2rdacontent |
||
| 337 |
_aunmediated _2rdamedia |
||
| 338 |
_avolume _2rdacarrier |
||
| 490 | 0 | _aAncient Peoples and Places | |
| 504 | _aIncluye bibliografía al final de cada capítulo. | ||
| 505 | 0 | _aTue loss and recovery of pagan Egypt.- The ancientplaces.- The natural resources.- The settlement of Egypt.- Predynastic Egypt.- The Archaic Period.- The Pyramid Age of the old Kingdom I.- The Pyramid Age of the Old Kingdom II.- The First Intermediante Period.- The Middle Kingdom.- The Second Intermediate Periods.- The New Kingdom.- The Trird Intermediate and Late Periods.- Egyptian social groups. | |
| 526 | _aP136 | ||
| 526 | _aP135 | ||
| 526 | _aP134 | ||
| 526 | _aP133 | ||
| 526 | _aP144 | ||
| 526 | _aP143 | ||
| 526 | _aP87 | ||
| 526 | _aP35 | ||
| 526 | _aP20 | ||
| 526 | _aP14 | ||
| 526 | _aP10 | ||
| 526 | _aP06 | ||
| 650 | 0 | 4 |
_aEgipto _xCivilización _ya 332 a. de JC. |
| 650 | 0 | 4 |
_aEgipto _xHistoria _y332 aC. |
| 700 | 1 |
_aDodson, Aidan, _d1962-. |
|
| 942 |
_2ddc _cBOOK |
||
| 949 |
_a932.01 A36 _wDEWEY _c1 _i45666 _lCCODEBUL1 _mBUL _r0 _sY _tBOOK _u2015-6-24 _xTEOLOGIA _PP35 _0COMPRA _o.STAFF. Colección General |
||
| 994 |
_aC0 _bPEPRU |
||
| 596 | _a1 | ||
| 999 |
_a932.01 A36 _wDEWEY _c22543 _i45666 _f2021-11-11 _g5 _lCCODEBUL1 _mBUL _r0 _sY _tBOOK _u2015-6-24 _xTEOLOGIA _PP35 _0COMPRA _o.STAFF. Colección General _d22543 |
||
| 980 |
_81 _gALBERTO SANCHEZ Responsable de Automatización |
||